Statistics for Solar System bodies by mass

Click here to take the quiz!

General Stats

  • This quiz has been taken 87 times
  • The average score is 25 of 33

Answer Stats

#AnswerType% Correct
6EarthTerrestrial Planet
100%
2JupiterGas Giant
100%
8MarsTerrestrial Planet
100%
9MercuryTerrestrial Planet
100%
4NeptuneIce Giant
100%
5UranusIce Giant
100%
7VenusTerrestrial Planet
100%
18PlutoDwarf Planet
98%
3SaturnGas Giant
98%
1SunStar
95%
15EuropaMoon of Jupiter
90%
13IoMoon of Jupiter
90%
11TitanMoon of Saturn
90%
10GanymedeMoon of Jupiter
88%
12CallistoMoon of Jupiter
83%
31CeresAsteroid Belt Object
83%
14MoonMoon
83%
16TritonMoon of Neptune
78%
26CharonMoon of Pluto
76%
17ErisDwarf Planet
73%
23RheaMoon of Saturn
68%
20TitaniaMoon of Uranus
68%
22OberonMoon of Uranus
66%
19HaumeaTrans Neptunian
61%
21MakemakeKuiper Belt Object
59%
29ArielMoon of Uranus
56%
28UmbrielMoon of Uranus
56%
24IapetusMoon of Saturn
54%
30DioneMoon of Saturn
51%
32TethysMoon of Saturn
46%
27QuaoarKuiper Belt Object
37%
25GonggongTrans Neptunian
32%
33OrcusTrans Neptunian
32%

Score Distribution

Percentile by Number Answered

Percent of People with Each Score

Your Score History

You have not taken this quiz